[Event "36th Olympiad"]
[Site "Calvia ESP"]
[Date "2004.10.26"]
[Round "11.1"]
[White "Bruzon Bautista, Lazaro"]
[Black "Ponomariov, Ruslan"]
[Result "1-0"]
[WhiteElo "2637"]
[BlackElo "2710"]
[Annotator "Bruzon, L"]
[PlyCount "77"]
[EventDate "2004.10.15"]
[Source "EDAMI"]
[SourceDate "2006.12.20"]

{Esta partida fue muy importante para mí en muchos aspectos, derrotar a un
fuerte jugador del selecto club de los 2700, salvar al equipo cubano del
colapso total (contra Ucrania perdimos 3 por 1) y demostrame a mí mismo que,
con una buena preparación, puedo competir contra los mejores jugadores del
mundo...} 1. e4 e5 2. Nf3 Nc6 3. Bb5 a6 4. Ba4 Nf6 5. O-O Nxe4 6. d4 b5 7. Bb3
d5 8. dxe5 Be6 9. Be3 Be7 10. c3 Qd7 11. Nbd2 O-O 12. Re1 Rad8 13. Bc2 Bf5 ({
Otra idea es} 13... Nxd2 14. Qxd2 Bg4 15. Qd3 g6 16. Bh6 $14) 14. Nxe4 Bxe4 15.
Bxe4 dxe4 16. Qxd7 Rxd7 17. e6 $1 {He aquí la idea de Serguei Dolmatov...las
blancas aprovechan una posibilidad táctica para lograr que las negras queden
con un peón aislado en e6} fxe6 ({En caso de} 17... Rd6 18. exf7+ Rxf7 19. Nd2
Re6 20. Rad1 {las blancas tendrían ventaja en el final, debido a su mejor
estructura de peones}) 18. Nd2 Ne5 19. Nxe4 Rfd8 {
Por increíble que parezca, esto es una novedad.} ({
Las negras también han intentado} 19... Nd3) (19... Nc4) ({y} 19... Rd5) 20. f3
Bh4 ({Las negras piensan erróneamente que tienen el empate en las manos y
cometen un ligero error. Sin duda, era mejor} 20... Nd3 21. Re2 c5 {
a lo que seguiría} 22. a4 (22. b3 $5 {con una microscópica ventaja})) 21. Bf2
Bxf2+ 22. Nxf2 Rd5 23. a4 $1 {Mi intención era, luego del cambio de peones en
b5, explotar la columna "a" y a la vez debilitar el flanco dama negro.} Nc4 ({
Ruslan juega de forma optimista. Me parece mejor la pasiva} 23... Kf7) 24. axb5
axb5 25. Rxe6 $1 Nxb2 26. Rc6 $1 {
Ahora es imposible para las negras evitar la pérdida de material.} Rd2 27. Rxc7
Rc2 28. h4 $1 {
Amenazando doblar torres en la séptima fila con devastador efecto.} Na4 29. Ne4
h6 30. c4 $1 {Sacando provecho a la mala situación del caballo negro.} Kh8 31.
h5 Rb8 32. Kh2 Rf8 33. Rc6 Nb2 (33... Rxf3 34. cxb5 {y ganan}) 34. cxb5 {
El final no ofrece esperanzas a las negras.} Rxc6 35. bxc6 Rc8 36. Rc1 Rc7 37.
Nd6 Nd3 38. Nb5 Rc8 39. Rc3 1-0

[Event "WYg18"]
[Site "Heraklio GRE"]
[Date "2004.11.06"]
[Round "3"]
[White "Vega Gutierrez, Sabrina"]
[Black "Zawadzka, Jolanta"]
[Result "1-0"]
[WhiteElo "2225"]
[BlackElo "2329"]
[Annotator "De la Villa, J"]
[PlyCount "77"]
[EventDate "2004.11.04"]
[EventType "swiss"]
[EventRounds "11"]
[EventCountry "GRE"]
[Source "EDAMI"]
[SourceDate "2006.12.20"]

{Sabrina jugó varias partidas interesantes, algunas más espectaculares que
esta, pero una victoria sobre la jugadora que resultó finalmente campeona del
mundo siempre tiene un significado especial, y más si se produce de una forma
convincente.} 1. e4 e5 2. Nf3 Nc6 3. d4 exd4 4. Nxd4 Bc5 5. Nb3 $5 {El principa
l problema de la teoría, actualmente, es llevar a nuestro rival a un terreno
poco conocido, y en el cual tenga que resolver algunos problemas. Para eso es
buena tanto una variante como otra, pero sobre todo es importante la
flexibilidad en el repertorio. Hace dos años en este mismo lugar, las misamas
rivales habían jugado un gambito Janisch y seguramente Jolanta podía esperar
una mejora dentro de la propia Apertura Española.} Bb6 6. a4 a5 {Hace algunos
años en el Informator 44 (Nota aclaratoria para los jóvenes: Una especie de
libraco que se consideraba el ultimo grito de la teoria en la edad de piedra
del ajdrez) Van der Wiel calificaba esta jugada como dudosa. No parece que sea
asísegáun la opinión actual y es que en las aperturas, las valoraciones vienen
y van y solo las ideas quedan.} 7. Nc3 Qf6 {Esta es la cuestión, en la
mencionada partida del Informator 44 Gulko jugaba 7...d6 y después de 8.Nd5
Ba7 9.Bb5 las blancas se quedan muy bien. No es que Gulko sea un mendrugo (si
no preguntenele a O Rey Kasparov), lo que pasa es que duro hacer las mejores
sobre el tablero.} 8. Qe2 Nge7 9. Be3 Bxe3 10. Qxe3 O-O 11. O-O-O Nb4 {
Completando la teoría y una buena maniobra para controlar d5. Hasta ahora no
parece que las negras hayan sido sorprendidas en la apertura, pero a la
jugadora polaca le gusta la iniciativa...} 12. g4 {Una novedad fruto de una
inspiración sobre el tablero. La idea de descolocar algunas piezas negras y
amagar un ataque tiene su logica, porque el centro y el flanco de dama están
bien controlados y va a lograr un objetivo colateral: el cambio de damas.} (12.
Nb5 {era lo más conocido, pero 12...d5 es una reacción muy interesante.}) 12...
Ng6 13. g5 Qf4 $6 {Una decisión discutible. Con el cambio de damas, las negras
se van a encontrar atadas a la defensa de c7 e imposibilitadas de lograr
ningún contrajuego, a pesar de los avanzados peones blanco del flanco de rey.}
(13... Qe5 $5 {es la jugada crítica}) 14. Qxf4 Nxf4 15. Nb5 $1 $14 {
Comienza el asedio estratégico.} Ne6 16. Bc4 d6 $5 {Como decía a Jolanta le
gusta la actividad y prueba con esta defensa indirecta, que deja las cosas del
mismo modo.} (16... Na6) 17. c3 ({Naturalmente no hay que precipitarse con} 17.
Bxe6 $6 $132 Bxe6 18. Nxc7 Rac8) 17... Na6 18. h4 b6 $6 {Aunque el peón de a5
no estaba realmente atacado, es lógico querer olvidarse de su defensa. Como
por otro lado las negras no aspiran a jugar c6 se resignan on esta estructura
rígida del flanco de dama. Pero si hubieran adivinado lo que pasaría en el
futuro en la casilla c6, jamás hubieran ni soñado con esta jugada.} (18... Nf4
{con idea de Ae6 es más correcto, por ejemplo} 19. Nxa5 $6 Bg4 20. Rd2 Nc5 {
con fuerte contrajuego}) 19. Rhe1 Bb7 20. Bd5 $1 {
Aprovechando la táctica para cambiar al defensor de las casillas blancas.} Rab8
(20... c6 $2 21. Nxd6 cxd5 22. Nxb7 dxe4 $6 23. Rxe4 {con un peón de más}) (
20... Bxd5 21. exd5 Nf4 22. Rd4 $16) 21. Bxb7 Rxb7 22. N3d4 $1 {El segundo
llo se dirige a ocupar el hermoso hueco de c6. La jugada lleva implicito un
sacrificio posicional de peón que deja a las piezas negras maniatadas.} Nac5 {
Posiblemente pensando en comerse el peón} (22... Nxd4 {eliminando al menos uno
de los 2 caballos parece preceptivo, aunque la ventaja blanca esta fuera de
toda duda.}) 23. Nc6 $1 $16 {#} Re8 (23... Nxa4 $6 24. b4 {y el caballo de a4
queda fuera de juego y en peligro de ser atrapado. Además la torre de b7 está
pidiendo socorro. Si su modulo de análisis les dice que las negras tienen
defensa, no le hagan caso. !Cuantas partidas felices han sido segadas por la
glotonería!.}) 24. e5 {Buscando la apertura del juego, para aprovechar el
momentaneo despiste de la torre negra de b7.} d5 {las negras optan por dar un
peón para ganar algún tiempo que les permita ayudar a su torre. Ya les dije
que a Jolanta le gusta la actividad. No creo que se sintiera a sus anchas en
esta posición.} (24... Nxa4 $2 25. exd6) (24... dxe5 25. Rxe5 Nxa4 26. b4 $16)
25. b4 axb4 26. cxb4 Nd7 {El caballo viene en ayuda de la torre.} 27. Rxd5 Nb8
28. Nba7 $1 $18 {La continuación lógica para seguir manteniendo el
estrangulamiento de la posición negra. Aunque ahora ya era posible simplificar
y aprovechar le peón de más.} Kf8 29. Red1 g6 30. Kc2 {
las piezas blancas mejoran sus posiciones tranquilamente.} Na6 31. Kc3 Ra8 32.
Nb5 Nb8 {Con un esfuerzo supremo de todas sus piezas las negras rompen el
bloqueo, pero su rey ha quedado ignorado en el flanco contrario.} 33. Nd8 Nxd8
34. Rxd8+ Ke7 35. Rc8 {Buscando el mate con Cc7 y Te8} Rxa4 36. Nxc7 f5 {
sola la entrega en c7 impediria elmate} 37. Re8+ Kf7 38. e6+ Kg7 39. Re7+ 1-0

[Event "57th ch-RUS"]
[Site "Moscow RUS"]
[Date "2004.11.21"]
[Round "6"]
[White "Kasparov, Garry"]
[Black "Dreev, Alexey"]
[Result "1-0"]
[WhiteElo "2813"]
[BlackElo "2698"]
[Annotator "Ubilava, E"]
[PlyCount "117"]
[EventDate "2004.11.15"]
[Source "EDAMI"]
[SourceDate "2006.12.20"]

{Sin duda una de las partidas clave para conseguir el título de Campeón de
Rusia y una gran victoria del ganador del torneo. Para G.Kasparov no era
díficil  adivinar que variante iba a plantear su rival contra 1.d4. Por
supuesto que sería la variante moscovita de la Eslava, sencillamente porque
Dreev no juega nada más. Las blancas, desde el principio, fueron a por todas,
eligiendo la continuación 12.f3, pero Dreev mostró una vez más, que las
aperturas que juega las conoce muy profundamente. Su novedad 15... Nd7!! es
espectacular y es una lástima que no fuera suficiente para conseguir al menos
tablas, pero al "ogro" es díficil  impresionarlo y Garry encontró, sobre el
tablero, la refutación de esa idea con una magnífica réplica 18.e5!!
Teóricamente, las negras tenían tres peones contra la pieza y quedaba poco
material para realizar la pequeña ventaja de las blancas, pero la percepción
intuitiva de Kasparov fue muy profunda y esa pequeña ventaja fue suficiente
para lograr la victoria. Una gran partida y una lección sobre el correcto
funcionamiento del concepto intuitivo, a veces no importa tanto el factor
material como la supremacía de otros factores que tienen su origen en la
propia esencia de nuestro juego y concuerdan con los valores humanos.} 1. d4 d5
2. c4 c6 3. Nf3 Nf6 4. Nc3 e6 5. Bg5 h6 6. Bh4 dxc4 7. e4 g5 {Esta variante le
ha dado muchas alegrías a Dreev y era muy previsible que contra Kasparov
tambien fuese a elegir el mismo camino. Pero cuando Garry entra en una lucha
teórica, es que tiene algo muy concreto.} 8. Bg3 b5 9. Be2 Bb7 10. h4 g4 11.
Ne5 h5 12. f3 $1 {Una jugada que apura mucho a las negras, porque abre la
columna "f" y crea amenazas peligrosísimas en el flanco del rey.} Nbd7 13. fxg4
hxg4 14. O-O Nxe5 15. Bxe5 {diagrama.} Nd7 $3 {Aunque, en vista de lo que
sigue, esta jugada suscita algunas dudas, porque las negras no pudieron
igualar la partida completamente,  merece de todas formas los dos signos de
admiración, por su valentia y por la base posicional del sacrificio de torre.
Después de la desaparición del alfil blanco, las casillas negras quedan muy
vulnerables.} 16. Bxh8 Qxh4 17. Bxg4 {
Este peón había que aniquilarlo, porque se amenazaba 17... g3.} Qxh8 {Diagrama.
} 18. e5 $3 {Esta jugada es tan fuerte como vital para las blancas, porque las
negras amenazaban con el enroque largo y ...e5. La amenaza de la ruptura ...e5
es tan fuerte, que había que poner algún freno al peón e6. Pero lo más
importante es la evaluación de la posición que se alcanzará después de los
golpes tácticos que permiten conseguir la igualdad material a las negras.} ({
no vale} 18. Bh5 $2 {por} O-O-O) ({Tampoco cambian las cosas con la jugada} 18.
Rf2 $2 O-O-O 19. Rxf7 Ne5 20. Bxe6+ Kb8 {con un fuerte contraataque en ciernes.
}) 18... Nxe5 (18... O-O-O 19. Qe2 Nxe5 20. dxe5 ({es curioso que el módulo de
análisis de un buena evaluación para las negras tras la continuación} 20. Qxe5
Bg7 21. Qh5 Bxd4+ 22. Kh1 f5 23. Qxh8 Rxh8+ 24. Bh3 c5) 20... Bc5+ 21. Rf2 {
las blancas están mejor.}) 19. dxe5 Bc5+ 20. Rf2 Qxe5 ({
Las negras rehusan la continuación} 20... Bxf2+ 21. Kxf2 Qxe5 22. Qf3 b4 23.
Ne2 Rd8 24. Bh5 Rd7 25. Rc1 Qxb2 26. Rxc4 {
y pasan directamente al final, confiando que puedan empatar la partida.}) 21.
Qe2 Qxe2 22. Bxe2 Rd8 23. Kf1 ({Aún es prematuro} 23. Ne4 Bxf2+ 24. Kxf2 {por}
Ke7) 23... Bxf2 24. Kxf2 Ke7 ({No vale} 24... Rd2 {por} 25. Ne4 Rd4 26. Ke3)
25. Ke3 a6 26. Rd1 {Con el cambio de las torres, las blancas eliminan
cualquier posibilidad de contrajuego por parte de su rival.} Rxd1 27. Bxd1 f5
28. g4 $1 {
Es una jugada importante, porque consigue para el caballo la casilla e4.} fxg4
29. Bxg4 {Las blancas han logrado conseguir una posición que les proporciona
una ventaja muy importante hasta el final. La cuestión es si esa ventaja será
suficiente para ganar la partida. A pesar del equilibrio de fuerzas (tres
peones por la pieza) las negras tienen serios problemas estructurales, con su
peón aislado en la columna "e" y los peones doblados en la columna "c".
Supongo que Kasparov ya intuía que las blancas podrían realizar esa ventaja,
pero para hacerlo habia que probar diferentes vias de colocar las piezas
menores.} Kd6 30. Ne4+ Kd5 31. Bf3 Bc8 32. Bh5 a5 (32... c5 $2 {
Pierde casi forzadamente por} 33. Bf3 Bd7 34. Nf6+ Kd6 35. Nxd7 Kxd7 36. Bb7 a5
37. Ba6 Kc6 38. a4 bxa4 39. Bxc4 {y los peones caerán poco a poco.}) 33. Bf3 e5
({En caso de} 33... a4 34. a3 Bd7 35. Nf6+ Kd6 36. Kf4 e5+ 37. Ke3 Be6 38. Ne4+
Kc7 39. Bh5 {
las blancas mantienen posibilidades de aumentar la presión con Ng5-f7, Ke4.})
34. Ng5+ Kc5 35. Ne4+ ({No vale} 35. Nf7 $2 {por} c3 $1 36. bxc3 Be6 37. Nxe5
Bxa2 {y se amenaza b4.}) 35... Kd5 36. a3 Ba6 37. Bh5 {
Amenaza mate en una jugada con Bf7.} Bc8 38. Bf3 Ba6 39. Ng5+ Kc5 40. Be2 Bc8 (
{No es suficiente} 40... b4 41. a4 Kd5 42. b3 $1 Kc5 43. Ne4+ Kd5 44. Nd2 c3
45. Bxa6 cxd2 ({también pierde} 45... c2 46. Bc4+ Kd6 47. Ne4+ {y Kd2}) 46.
Bc4+ Kc5 47. Kxd2) 41. Nf7 b4 (41... Kd5 42. Bf3+) 42. Nxe5 Be6 43. a4 {
diagrama} c3 $2 {Esto parece ser el error decisivo, puesto que no tengo claro
como pueden ganar las blancas después de} (43... Bd5 {por ejemplo:} 44. Nd7+
Kd6 45. Nf6 Kc5 46. Ne4+ Bxe4 47. Kxe4 b3 48. Ke3 Kb4 49. Kd2 c5 50. Bd1 c3+
51. bxc3+ Kxa4 52. Kc1 Ka3 53. Kb1 a4 {y la partida debe terminar en empate.
Sin embargo, debo reconocer que las blancas tienen diferentes opciones de
atacar la fortaleza de su rival y probablemente hay algún camino, muy estrecho,
para realizar esa pequeña ventaja. Pero Dreev, con su última maniobra,
facilita muchísimo la labor de su rival.}) 44. Nd3+ Kb6 45. bxc3 Bb3 46. c4
Bxa4 (46... Bxc4 47. Kd4 Bf7 48. Nb2 {
manteniendo también una ventaja, no muy difícil de realizar, para las blancas.}
) 47. Kd4 Bc2 48. c5+ Kc7 (48... Kb5 $4 49. Nb2+ {ganando.}) 49. Bf3 Bb3 50.
Be4 Ba4 ({Igualmente pierde} 50... Be6 51. Ne5 a4 52. Nxc6 a3 53. Nxb4 a2 54.
Nc2) 51. Kc4 Bc2 52. Bf3 Ba4 53. Ne5 Kb7 54. Be4 Kc7 55. Nf3 $1 {El traslado
del caballo a la casilla d4 termina con la resistencia de las negras.} Bd1 56.
Nd4 Ba4 57. Bc2 Bxc2 58. Nxc2 Kd8 59. Nd4 {
Ahora el rey blanco entrará por a4 y tomará los dos peones a5 y b4.} 1-0

[Event "57th ch-RUS"]
[Site "Moscow RUS"]
[Date "2004.11.25"]
[Round "9"]
[White "Grischuk, Alexander"]
[Black "Bareev, Evgeny"]
[Result "1-0"]
[WhiteElo "2704"]
[BlackElo "2715"]
[Annotator "Ubilava, E"]
[PlyCount "109"]
[EventDate "2004.11.15"]
[Source "EDAMI"]
[SourceDate "2006.12.20"]

{Algunas aperturas me llaman la atención más que otras y probablemente esa es
la razón por la que elegí esta partida. El dinamismo desbordante que muestran
las piezas de ambos bandos, recuerda algunas partidas de P.Morphy, pero
curiosamente en esta apertura, el rey negro puede sobrevivir en el centro del
tablero al fuego cruzado de su enemigo, aunque no puedo quitarme la impresión
de que, en esta alegre apertura, aún quedan muchas cosas por descubrir. Bareev
se equivoca claramente con la jugada 16...Bd6 y pierde un final técnico, pero
no se ve ninguna ventaja apreciable después de la correcta 16...Ke8. Después
no ha habido sorpresas y las blancas, poco a poco, aprietan a su rival y ganan
la partida, porque el peón pasado "h" requiere unos sacrificios inaceptables
para seguir resistiendo.} 1. e4 c6 2. d4 d5 3. exd5 cxd5 4. c4 Nf6 5. Nc3 Nc6
6. Bg5 dxc4 7. Bxc4 Qxd4 8. Qxd4 Nxd4 9. O-O-O e5 10. f4 $1 ({
La práctica demuestra que después de} 10. Nf3 Nxf3 11. gxf3 Be6 12. Bb5+ Nd7
13. Rhe1 f6 {las negras están bien.}) 10... Bg4 11. Nf3 Nxf3 ({
Otra alternativa sería} 11... Bxf3 12. gxf3 Rc8 13. fxe5 Rxc4 14. exf6 Ne6 15.
Rhe1 g6 {y en una partida las blancas consiguieron ventaja después de} 16. Rd3
h6 17. Bd2 Bb4 18. Kb1 Bxc3 19. Bxc3 O-O 20. Rd7 Rb8 21. Rxe6 $1 {
Pavia Miralles-Nazarenus. Op. Mislata 2003.}) 12. gxf3 Bxf3 13. fxe5 Bxh1 14.
exf6 Rc8 15. Re1+ Kd7 {Curiosamente hasta ahora no ha habido nada nuevo,
aunque las blancas tienen también otras opciones para intentar cambiar las
cosas. Solamente con su siguiente jugada A.Grischuk hace reflexionar a su
rival:} 16. Rd1+ (16. Bxf7 Rxc3+ 17. bxc3 Ba3+ 18. Kc2 gxf6 19. Be6+ Kc7 20.
Bxf6 Re8 21. Be5+ Bd6 {con igualdad, Mainka-Buecker Dortmund-c 1989.}) 16...
Bd6 $2 {Este error nos va privar de averiguar la continuación que podia tener
en mente Grischuk después de la correcta,} ({diagrama.} 16... Ke8 {
Y ahora parece que la jugada principal es} 17. Bf1 {a lo que hay que responder}
Bf3 $1 {seguimos las pautas} ({en caso de} 17... Rxc3+ 18. bxc3 Ba3+ {
tampoco es válido} (18... g6 $2 19. Bb5+ Bc6 20. Bxc6+ bxc6 21. Bf4 {
con la inminente amenaza 22.Bc7}) 19. Kc2 Rg8 20. fxg7 {las blancas ganan.})
18. Re1+ ({no vale} 18. Rd3 Bg4 19. Rd4 {por} gxf6 $1 20. Bxf6 Bh6+) 18... Kd7
19. Bh3+ Kc7 {Surge una posición de apariencia tremendamente peligrosa, pero
como demuestran las variantes, las negras pueden sobrevivir esa tormenta.} 20.
Bf4+ ({la ayuda de los módulos de análisis es fundamental en este tipo de
posiciones abiertas,} 20. Bxc8 gxf6 $1) (20. Re3 Bh1 21. Bf4+ (21. Nb5+ Kb6+
22. Bxc8 gxf6 23. Bf4 Kxb5 {las negras quedan con ventaja material}) 21... Bd6
22. Bxd6+ Kxd6 23. Bxc8 Rxc8 24. fxg7 Rg8 {y a las negras no les cuesta nada
llegar con su rey en f6 y tomar el peón en g7.}) 20... Bd6 21. Re7+ Kc6 22.
Bxd6 Kxd6 23. Rd7+ Ke5 24. fxg7 Rhg8 25. Rxf7 Rxc3+ 26. bxc3 Bd5 27. Rf5+ Kd6
28. Rg5 {no se si considerar esta posición como una pequeñaa ventaja para las
blancas o es más cierto que la supuesta ventaja desaparecerá en cuanto el rey
negro llegue a f6.}) 17. Be2 $1 {Probablemente E.Bareev no ha visto esta
simple respuesta de su rival y ahora está obligado a entregar material.} gxf6
18. Bxf6 Bg2 19. Be5 {Muy simple y al mismo tiempo muy decepcionante para las
negras: el alfil en d6 no tiene defensa.} Ke6 20. Bxd6 Rhd8 21. Bg3 Rxd1+ 22.
Kxd1 {A pesar de la clara ventaja, queda aún mucho camino que recorrer. Pero
las negras no ofrecen una resistencia feroz y eligen una continuación bastante
vulgar que acelera su derrota.} a6 23. Kd2 Kf5 $2 ({Creo que había que jugar} 
23... f5 {y si} 24. Ke3 Kf6 25. Bd3 Kg5) 24. Bd3+ Kg4 {diagrama.} ({
No es nada agradable} 24... Kg5 {por} 25. Ne4+) 25. Nd1 $1 {Las blancas ganan
el peón h7 y ahora este final se convierte en una cuestión de técnica.} Kg5 26.
Bxh7 Rf8 (26... f5 {pierde enseguida por} 27. Bxf5) 27. Bd3 f5 28. h4+ Kh5 ({
Probablemente después de} 28... Kg4 29. Bd6 Rg8 30. Ne3+ Kxh4 31. Kc3 $1 Bc6
32. Nxf5+ Kg5 33. Kd4 {la ventaja es suficiente para ganar la partida.}) 29.
Be2+ Kg6 30. Bf4 Be4 31. Nc3 Bc6 32. a3 Re8 33. h5+ Kf6 34. h6 Kg6 35. Bd3 {
Grischuk empieza buscar la mejor colocación de sus piezas y pierde tiempo,
pero podía empezar su plan correctocon} (35. a4) 35... Re7 36. Bc2 Bf3 37. Bd3
Re8 38. Bc4 Bc6 39. Be2 Re7 40. Bd3 Re8 41. a4 {Finalmente las blancas
encuentran una nueva agrupación de piezas para seguir presionando a su rival.}
Rd8 42. Ke3 Re8+ 43. Kd2 Rd8 44. Ke3 Re8+ 45. Kf2 Rd8 46. Bc2 Re8 47. Be3 Re7
48. Ne2 {El caballo encuentra su ruta a través de la casilla d4.} Be4 49. Bb3
Re8 50. Nd4 Kh7 51. Bf4 Rc8 52. Nf3 Bb1 53. Ne5 Rd8 54. Bf7 Rd6 55. Be8 $1 {
con su última jugada las blancas preparan el salto definitivo de su caballo,
por ejemplo: 55... Re6 56.Nd7! Kg8 57.h7+ Kh8 58.Be5+ Kxh7 59.Nf8+ ganando.}
1-0